| 000 | 00438nam a2200157Ia 4500 | ||
|---|---|---|---|
| 008 | 230312s9999||||xx |||||||||||||| ||und|| | ||
| 020 | _a0-07-069572-5 | ||
| 082 |
_a658.3 _bWER |
||
| 100 | _aWerther William B | ||
| 245 | 0 | _aHman Resource and Personnel Management | |
| 260 |
_bMcGRAW Hill _aNew York _c1996 |
||
| 300 | _a620 | ||
| 546 | _aEng. | ||
| 650 |
_aManagement _vthe human resource frameworks, preparation and seletion |
||
| 942 | _cBK | ||
| 999 |
_c745 _d745 |
||